00490nam a2200145 a 450000100100000000500170001000800410002704000250006808200080009310000260010124500970012726000710022430000210029570000280031600003953820201002031708.0130705s1986 dr 000 0 spa d aDO-SdBNPbspacBNPHU axxx1 aCross Beras, Julio A.10aLiderazgo opinión pública y población /cJulio A. Cross Beras, Maritza Molina Achecar. aSanto Domingo :bConsejo Nacional de Población y Familia,c1986. a153 p. :b28 cm.1 aMolina Achecar, Maritza